000 01081cam a2200325 a 4500
001 000020089
003 DO-SdBNP
005 20180126100300.0
007 000020089
008 030115s2000 sp 000 f spa d
020 _a8481301329
040 _aBPMET
_bspa
_cBPMET
041 1 7 _aspa
_2Código de idiomas MARC
092 _a823.7
_bS545fr
100 1 _aShelley, Mary,
_d1797-1851
240 1 0 _aFrankenstein or the modern prometheus
_lespañol
245 1 0 _aFrankenstein o el moderno Prometeo /
_cMary Shelley ; traducción de Manuel Serrat Crespo ; prólogo Ana María Moix
260 _aMadrid :
_bMillenium,
_c1999
300 _a239 p. ;
_c21 cm.
490 1 _aJoyas del milenio.
_v18
534 _aTítulo original: Frankenstein
_cBarcelona : Bibliotex, 2000.
650 4 _aNOVELA INGLESA
650 4 _aLITERATURA INGLESA
700 1 _aSerrat Crespo, Manuel,
_etr.
700 1 _aMoix, Ana María
_epról.
830 4 _aJoyas del milenio;
_v18
942 _2ddc
_cBK
945 _aInventariado extranjero / 2018 VM
956 _aVMATEO
_b10
_c201611
_lBPMSU
_h0069
999 _c7511
_d7511